000
00284nam a22001097a 4500
008
160425b xxu||||| |||| 00| 0 eng d
020
_a
0153101423
041
_a
eng
080
_a
612.39
245
_a
Your health:
_c
Charlie Gibbons; Kathleen Middleton; Jan Marie Ozias;
942
_2
udc
_c
BK
999
_c
1562
_d
1562